| Tag |
First Indicator |
Second Indicator |
Subfields |
| LEADER |
00000cam a2200000 4500 |
| 001 |
in00000246771 |
| 005 |
20151010051144.0 |
| 008 |
750530s1964 nyuab 00000 eng d |
| 010 |
|
|
|a 64010306
|
| 035 |
|
|
|a (OCoLC)01363271
|
| 035 |
|
|
|9 ABB4497AM
|
| 040 |
|
|
|c ORL
|d TXA
|d UtOrBLW
|
| 049 |
|
|
|a TXAM
|c [483128]
|
| 050 |
0 |
0 |
|a E160
|b .J4
|
| 100 |
1 |
|
|a Jensen, Paul.
|
| 245 |
1 |
0 |
|a National parks ;
|b a guide to the national parks and monuments of the United States.
|
| 264 |
|
1 |
|a New York :
|b Golden Press,
|c [1964]
|
| 300 |
|
|
|a 165 pages :
|b illustrations (part color) color maps.
|
| 336 |
|
|
|a text
|b txt
|2 rdacontent
|
| 337 |
|
|
|a unmediated
|b n
|2 rdamedia
|
| 338 |
|
|
|a volume
|b nc
|2 rdacarrier
|
| 650 |
|
0 |
|a National parks and reserves
|z United States.
|
| 650 |
|
0 |
|a Natural monuments
|z United States.
|
| 999 |
|
|
|a MARS
|
| 999 |
f |
f |
|s d02bac05-e070-39c2-b41c-f7ef1da1f59f
|i 2b0dc0c8-463e-3e3f-bb48-41b32f8f256e
|t 0
|
| 952 |
f |
f |
|p ric
|a Texas A&M University
|b Rellis Campus
|c Joint Library Facility
|d Remote Storage
|t 0
|e E160 .J4
|h Library of Congress classification
|i unmediated -- volume
|m A14802150777
|
| 998 |
f |
f |
|a E160 .J4
|t 0
|l Remote Storage
|